[Event "Ruhrgebiet Verbandsklasse Gruppe 3 1718"]
[Site "Germany"]
[Date "2018.02.25"]
[Round "7.6"]
[White "Malstaedt, Frank"]
[Black "Storp, Thomas"]
[Result "1-0"]
[WhiteElo "1776"]
[BlackElo "1809"]
[PlyCount "73"]
[EventDate "2017.09.17"]
[EventType "team-tourn"]
[EventRounds "9"]
[EventCountry "GER"]
[SourceTitle "EXT 2022"]
[Source "ChessBase"]
[SourceDate "2021.10.06"]
[SourceVersion "1"]
[SourceVersionDate "2021.10.06"]
[SourceQuality "1"]
[WhiteTeam "Mengede SG"]
[BlackTeam "Ruettenscheid Rochade"]
[WhiteTeamCountry "GER"]
[BlackTeamCountry "GER"]

1. e4 c5 2. c4 Nc6 3. g3 d6 4. Nc3 g6 5. Bg2 Bg7 6. d3 Nf6 7. Nge2 0-0 8. 0-0 a6 9. h3 Rb8 10. f4 e6 11. Be3 Nd7 12. Qd2 Nd4 13. Bf2 Nxe2+ 14. Nxe2 b5 15. Rab1 Bb7 16. b3 b4 17. d4 Qc7 18. d5 exd5 19. exd5 Rfe8 20. g4 Nf6 21. Ng3 Re7 22. f5 h6 23. fxg6 fxg6 24. Qd3 Kh7 25. Ne2 Nd7 26. Bg3 Rbe8 27. Nf4 Nf8 28. Rbe1 Bd4+ 29. Kh1 Be5 30. Be4 Bxf4 31. Rxf4 Kg7 32. Ref1 Bc8 33. Rf6 Rxe4 34. Bxd6 Qd7 35. Bxf8+ Rxf8 36. Rxf8 Re7 37. R1f6 1-0

[Event "Ruhrgebiet Verbandsklasse Gruppe 3 1617"]
[Site "Germany"]
[Date "2017.04.30"]
[Round "9.4"]
[White "Malstaedt, Frank"]
[Black "Schulze Bisping, Franz Adolf"]
[Result "0-1"]
[WhiteElo "1789"]
[BlackElo "1855"]
[PlyCount "98"]
[EventDate "2016.09.04"]
[EventType "team-tourn"]
[EventRounds "9"]
[EventCountry "GER"]
[SourceTitle "EXT 2022"]
[Source "ChessBase"]
[SourceDate "2021.10.06"]
[SourceVersion "1"]
[SourceVersionDate "2021.10.06"]
[SourceQuality "1"]
[WhiteTeam "Mengede SG"]
[BlackTeam "Erkenschwick II"]
[WhiteTeamCountry "GER"]
[BlackTeamCountry "GER"]

1. e4 e6 2. d4 d5 3. e5 c5 4. c3 Nc6 5. Be3 Qb6 6. Qd2 Nh6 7. Bxh6 gxh6 8. Ne2 Bd7 9. g3 0-0-0 10. Bg2 Be7 11. 0-0 Kb8 12. Kh1 f5 13. Rd1 Bg5 14. f4 Be7 15. a3 Rc8 16. b4 cxd4 17. cxd4 a6 18. Nbc3 Na7 19. Rdb1 Rc7 20. b5 axb5 21. a4 b4 22. Na2 Rc4 23. Bf1 Rhc8 24. a5 Qxa5 25. Nec1 Rc2 26. Qd1 Ba4 27. Qf3 Nb5 28. Bd3 Na3 29. Nb3 Qa7 30. Bxc2 Nxc2 31. Nac1 Nxa1 32. Rxa1 b5 33. g4 Rc3 34. Qe2 Qc7 35. gxf5 Qc4 36. Qxc4 dxc4 37. f6 cxb3 38. fxe7 Rc8 39. Rb1 b2 40. Nd3 Bc2 41. Rxb2 Bxd3 42. Rd2 Be4+ 43. Kg1 Kc7 44. Ra2 Kb6 45. Kf2 Re8 46. Ke3 Bd5 47. Rc2 Rxe7 48. Rc5 b3 49. Kd2 Rc7 0-1

[Event "Ruhrgebiet Verbandsklasse Gruppe 3 1516"]
[Site "Germany"]
[Date "2015.09.27"]
[Round "2.6"]
[White "Leifeld, Jochen"]
[Black "Malstaedt, Frank"]
[Result "1/2-1/2"]
[WhiteElo "1766"]
[BlackElo "1810"]
[PlyCount "34"]
[EventDate "2015.09.06"]
[EventType "team-tourn"]
[EventRounds "9"]
[EventCountry "GER"]
[SourceTitle "EXT 2022"]
[Source "ChessBase"]
[SourceDate "2021.10.06"]
[SourceVersion "1"]
[SourceVersionDate "2021.10.06"]
[SourceQuality "1"]
[WhiteTeam "Ahlen SV II"]
[BlackTeam "Mengede SG"]
[WhiteTeamCountry "GER"]
[BlackTeamCountry "GER"]

1. e4 e6 2. d4 d5 3. exd5 exd5 4. c4 c6 5. Nc3 Nf6 6. Bf4 Bd6 7. Qe2+ Be6 8. Bxd6 Qxd6 9. c5 Qc7 10. Nf3 0-0 11. Qe5 Qxe5+ 12. Nxe5 Nbd7 13. Nxd7 Bxd7 14. Bd3 Rfe8+ 15. Ne2 Re7 16. f3 Rae8 17. Kd2 a6 1/2-1/2

[Event "Ruhrgebiet VK2 0708"]
[Site "Germany"]
[Date "2008.01.20"]
[Round "5.6"]
[White "Thon, Manfred"]
[Black "Malstaedt, Frank"]
[Result "1/2-1/2"]
[WhiteElo "1974"]
[BlackElo "1867"]
[PlyCount "95"]
[EventDate "2007.09.16"]
[EventType "team"]
[EventRounds "9"]
[EventCountry "GER"]
[SourceTitle "EXT 2009"]
[Source "ChessBase"]
[SourceDate "2008.11.26"]
[SourceVersion "1"]
[SourceVersionDate "2008.11.26"]
[SourceQuality "1"]
[WhiteTeam "Wattenscheid IV"]
[BlackTeam "Mengede SG"]
[WhiteTeamCountry "GER"]
[BlackTeamCountry "GER"]

1. d4 Nf6 2. c4 g6 3. Nc3 Bg7 4. e4 d6 5. Be2 0-0 6. Bg5 c6 7. Qd2 Qc7 8. h4 h5 9. Nh3 a6 10. f3 b5 11. a3 Bb7 12. Rc1 bxc4 13. Bxc4 d5 14. Bf4 Qd7 15. exd5 cxd5 16. Bb3 Bc6 17. 0-0 Re8 18. Rfe1 Ra7 19. Be5 Rb7 20. Ba2 Nh7 21. Bxg7 Kxg7 22. Nf4 Nf6 23. Nd3 Qd6 24. Nc5 Rb6 25. b4 Nbd7 26. Nd3 e6 27. Bb1 Ng8 28. Bc2 Qg3 29. Qf2 Qxf2+ 30. Kxf2 Ne7 31. Na4 Rb7 32. Nac5 Rb6 33. Nxd7 Bxd7 34. Nc5 Bb5 35. Ba4 Nf5 36. Red1 Rd8 37. g3 Nd6 38. Bb3 Nc4 39. Bxc4 Bxc4 40. Ke3 Kf6 41. Kf2 Ke7 42. Rd2 Rdb8 43. Na4 R6b7 44. Nb2 a5 45. Nxc4 dxc4 46. bxa5 Rb3 47. Rxc4 Rxa3 48. Rc7+ 1/2-1/2